000 005260000a22001690004500
041 0 _aSPA
082 0 4 _aG 289.3 F8411e
100 1 _aFraser, Gordon (1943-)
245 1 0 _aEs cristiano el mormonismo? Examen de la doctrina mormónica a la luz del cristianismo bíblico y ortodoxo / Gordon H. Fraser ; Daniel Hall, Traductor
260 _a[S.L.] : Moody
300 _a126 Pag
001 8844
942 _cBK
999 _c38957
_d38957
336 _atexto
_btxt
_2rdacontent
337 _2rdamedia
_asin mediación
_bn
338 _2rdacarrier
_avolumen
_bnc